100 Football Questions of Varying Difficulty - Statistics

General Stats
  • This quiz has been taken 45 times
    19 since last reset
  • The average score is 40 of 100
Answer Stats
Hint Answer % Correct
Which country won the 2022 world cup? Argentina
100%
Which club is nicknamed "The gunners"? Arsenal
100%
Who is known as CR7? Cristiano Ronaldo
100%
Which club plays at Camp Nou? FC Barcelona
100%
Which country does Kylian Mbappé play for? France
100%
Which country won the 2014 world cup? Germany
100%
What country was the first European country to win a world cup? | Who won Euro 2021 Italy
100%
Which club play at Anfield? Liverpool
100%
Which club plays at Old Trafford? Manchester United
100%
Which club has won the most Champions Leagues? Real Madrid
100%
Which player was nicknamed El Fenómeno? Ronaldo Nazario
100%
Which team lost the 1999 UCL final in stoppage time? Bayern Munich
94%
Who has won the most Ballon d'Ors? Lionel Messi
94%
Who won the 2023 Champions League? Manchester City
94%
Who is nicknamed the Egyptian king? Mohamed Salah
94%
Which country won the 2024 Euros? Spain
94%
Which club plays at Signal Iduna Park? Borussia Dortmund
88%
Who scored the "hand of god" goal? Diego Armando Maradona
88%
Who is the only goalkeeper to win the Ballon d'Or? Lev Yashin
88%
Who won the first World Cup in 1930? Uruguay
88%
Which club is nicknamed Rossoneri? AC Milan
81%
Who scored the winning goal in the 2010 world cup final? Andrés Iniesta
81%
Who scored 5 goals in 9 minutes? Robert Lewandowski
81%
Who won the 2012 Champions League? Chelsea
75%
Who won the 1966 world cup? England
75%
Which club plays at the Allianz Stadium? Juventus
75%
How is the Arsenal team in the season 2003-04 also called? The invincibles
75%
In what year did Messi score 91 goals? 2012
69%
Which club won the 2004 Champions League? FC Porto
69%
Who is the only African footballer to win the Ballon d'Or? George Weah
69%
Who won Euro 1992? Denmark
63%
Who is the youngest world cup goalscorer ever? Pele
63%
Who missed the famous penalty in the 1994 world cup final? Roberto Baggio
63%
Which team won the first UEFA super cup? Ajax
50%
Who is the first South American player to win the Ballon d'Or? Alfredo Di Stéfano
50%
Which country won the first Copa America? Chile
50%
Which team won the first modern Champions League? Olympique Marseille
50%
What is the first team that won the UEFA Europa Conference League? AS Roma
44%
Who is the goalkeeper that transferred for the most amount of money? Kepa Arrizabalaga
44%
Which team is the first European treble winner? Celtic
38%
Who assisted the winning goal in the 2010 world cup? Cesc Fábregas
38%
Who won a world cup as player and coach for Germany? Franz Beckenbauer
38%
Who scored the first hat-trick in a world cup final? Geoff Hurst
38%
Who won the 1991 European cup? Red Star Belgrade
38%
Who is the first Ballon d'Or winner? Stanley Matthews
38%
What is first Romanian club to win the European Cup? Steaua Bucharest
38%
Which team won the first UEFA cup? Tottenham Hotspur
38%
Which team won the first club world cup? Corinthians
31%
Who scored the first hat-trick in a European Cup final? Ferenc Puskás
31%
Who is the first player to appear in 5 world cups? Lothar Matthäus
25%
Who is the first player to score in six major tournaments? (Euros/World Cup) Miroslav Klose
25%
Who was the first player to reach 50 UCL goals? Raúl
25%
Who scored the fastest Premier League hat-trick? Sadio Mané
25%
What team is the first South American club to win a continental treble? Santos
25%
Who is the first German double winner? Schalke 04
25%
What is the first name of the Czechian footballer Panenka? Antonín
19%
Which club is also known as Los Colchoneros Atletico Madrid
19%
Which country won the first AFCON? Egypt
19%
Which player won the most European cups? Francisco Gento
19%
Who scored twice in the Miracle of Bern? Helmut Rahn
19%
Which country won the first Asian Cup? South Korea
19%
In what year was Inter Milan the first unbeaten European Cup winner? 1964
13%
Which team won the first Bundesliga? 1.FC Köln
13%
Which team won the first copa Libertadores? CA Peñarol
13%
Who scored the fastest World Cup goal ever? Hakan Şükür
13%
Which player scored the third goal for Ajax in the first ever European Super Cup (1974)? Johan Neeskens
13%
Which team won the first French League 1? Olympique Lillois
13%
In what year was the first intercontinental cup? 1960
6%
Who scored the furthest Premier League goal ever? Asmir Begovic
6%
Who is the first player to score in the Premier League? Brian Deane
6%
What team won the first MLS Cup? D.C. United
6%
Who is the first foreign Premier League top scorer? Dwight Yorke
6%
Who is the first Icelandic player in Premier League history? Eiður Guðjohnsen
6%
Which team won the first cup winners' cup? Fiorentina
6%
Who is the first Australian to appear in a Champions League final? Harry Kewell
6%
Who is the first Japanese Ballon d'Or nominee? Hidetoshi Nakata
6%
Who scored the first ever world cup goal? Lucien Laurent
6%
Who scored the fastest UCL goal? Roy Makaay
6%
Which country hosted the first confederations cup? Saudi Arabia
6%
Who is the first substitute in world cup history? Anatoli Puzach
0%
Who is the first player to score in a world cup penalty shootout? Andreas Brehme
0%
Who has the most Copa America titles? (player) Ángel Romano
0%
What is the first Mexican club to reach a Copa Libertadores final? Cruz Azul
0%
Who scored the first golden goal in history? David Platt
0%
Who wore number 12 for Brazil in the 1970 world cup final? Félix
0%
Which player got the most red cards ever? (46) Gerardo Bedoya
0%
Who scored the first ever European cup goal? Joao Baptista Martins
0%
Who is the first player to score a hat-trick in a Copa Libertadores final? Juan Carlos Sarnari
0%
Who scored the first penalty in world cup history? Manuel Rosas
0%
Which player scored the only goal in the 1912 Olympic semifinal between Finland and Russia, considered the first competitive international goal ever scored with a stitched 32-panel ball? Matthias Sindelar
0%
Who is the first goalkeeper to score in open play in the Serie A? Michelangelo Rampulla
0%
Who scored the first goal at an European championship? Milan Galic
0%
Who is the first player to score at least 5 goals in a world cup match? Oleg Salenko
0%
Who scored the famous backheel goal in the 1987 European cup final? Rabah Madjer
0%
Who is the first captain to lift the Champions League? Seydou Keita
0%
Who is the first Libyan African Footballer of the Year winner? Tarek El-Taib
0%
Who scored the first Bundesliga goal? Timo Konietzka
0%
Which linesman awarded the 1966 "Wembley Goal"? Tofik Bakhramov
0%
Who assisted the first-ever premier league goal? Tony Agana
0%
No matching quizzes found
Score Distribution
Percent of People with Each Score
Percentile by Number Answered
Your Score History
You have not taken this quiz since the last reset